|
|
|
|
| LEADER |
01506nam a22003137a 4500 |
| 001 |
34923 |
| 003 |
BD-DhAAL |
| 005 |
20230201123853.0 |
| 008 |
190725t2019 bg |||| |||| 00| p ben d |
| 020 |
|
|
|a 9789848966208
|
| 020 |
|
|
|a 9789384265007
|
| 041 |
|
|
|a ben
|
| 082 |
|
|
|a 891.441
|2 23
|
| 100 |
|
|
|a গোস্বামী, জয়
|9 33129
|
| 245 |
|
|
|a শ্রেষ্ঠ কবিতা /
|c জয় গোস্বামী ; স ম তুহিন সম্পাদিত
|
| 250 |
|
|
|a Shrestha kabita
|
| 260 |
|
|
|a ঢাকা :
|b ম্যানগ্রোভ পাবলিকেশন্স,
|c ২০১৯ [ষষ্ঠ মুদ্রণ ২০২২]
|
| 300 |
|
|
|a ৪৭৯ পৃষ্ঠা ;
|c ২২ সে.মি.
|
| 526 |
|
|
|a Residential Campus
GenEd (Residential Campus)
|
| 541 |
|
|
|a Development Book Agency
|e 34923, 40807
|
| 650 |
|
|
|a Bengali poetry.
|9 33112
|
| 650 |
|
|
|a Bengali Literature.
|
| 650 |
|
|
|a Bengali language.
|
| 700 |
|
|
|a তুহিন, স ম
|9 33128
|
| 852 |
|
|
|a Savar Campus Library
|c General Stacks
|
| 942 |
|
|
|2 ddc
|c BK
|
| 999 |
|
|
|c 40993
|d 40993
|
| 952 |
|
|
|0 0
|1 0
|2 ddc
|4 0
|6 891_441000000000000_GOS
|7 0
|9 65769
|a SCL
|b SCL
|c GEN
|d 2019-07-17
|e Development Book Agency
|g 467.00
|l 3
|m 7
|o 891.441 GOS
|p 3020034923
|r 2022-04-24
|s 2022-04-04
|t 1
|v 467.00
|w 2019-07-17
|y BK
|
| 952 |
|
|
|0 0
|1 0
|2 ddc
|4 0
|6 891_441000000000000_GOS
|7 0
|9 72971
|a SCL
|b SCL
|c GEN
|d 2023-01-15
|e Development Book Agency
|g 510.00
|l 1
|o 891.441 GOS
|p 3020040807
|r 2023-08-19
|s 2023-04-08
|t 2
|v 510.00
|w 2023-01-15
|y BK
|